MDQL
is popping MORE tags! Check the
thread
!
Quizzes
Events
Quiz Creation
Community
Videos
Private Events
Remove Ads
Sign In
Join for FREE
Feedback
Dark Mode
Quiz Categories
Sports
Geography
Music
Movies
Television
Just For Fun
Miscellaneous
History
Literature
Language
Science
Gaming
Entertainment
Religion
Holiday
For Kids
Quiz Lab
Recent
Popular Today
Quiz Kudos Today
Editor Picks
Curator Picks
Quizzes by...
Day
Popularity
Type
Ratings
Length
Year
Community
Subscriptions
Recent Discussions
Orange Saloon
Badges
Playlists
Quests
Create
Leaderboards
Showdown
Live 5
Trivia Bingo
Activity
Puzzle Library
Sporcle Events
Private Events
Virtual Trivia
Globe League
Become a Host
Pub Owners
SporcleCon
Opinionation
Our Games
Videos
Blog
Mobile Apps
Partnerships
Remove Ads and Go Orange
Feedback
Music
Pop Music
The Beatles
Song
Album
Lyrics
Bands
Singers
Artist
Clip
Rock
Rap
Classical
Billboard
Country Music
Kpop
Taylor Swift
Music
Pop Music
The Beatles
Song
Album
Lyrics
Bands
Singers
Artist
Clip
Rock
Rap
Classical
Billboard
Country Music
Kpop
Taylor Swift
Random Quiz
Search Sporcle
×
Quiz Lab
Quiz Lab
Music
Song
Type in answers that appear in a list
Type in answers that appear in a list
Classic
Best Score? Go Orange.
Jens Lekman Songs Stats
Can you name the Jens Lekman Songs
By
kierkegaardian
12m
63 Questions
31 Plays
31 Plays
31 Plays
Comments
Comments
Give Quiz Kudos
Give Quiz Kudos
-
- Ratings
hide this ad
Replay
Link that replays current quiz
Next Quiz
Link to next quiz in quiz playlist
You Got
0%
They Got
Avg Score
46%
Avg Friend Score
Upgrade to see
Score Distribution
Jump to the score distribution portion of the page
Score
0/63
Timer
12:00
0
Plays Today
Album
Song
% Correct
I Know What Love Isn't
I Know What Love Isn't
87.1%
An Argument With Myself
An Argument With Myself
80.6%
Night Falls Over Kortedala
Shirin
71%
Life Will See You Now
Evening Prayer
70.6%
Night Falls Over Kortedala
A Postcard to Nina
67.7%
Night Falls Over Kortedala
Friday Night at the Drive-In Bingo
67.7%
Life Will See You Now
Hotwire the Ferris Wheel
64.7%
Oh You're So Silent Jens
Maple Leaves [EP Version]
64.5%
Oh You're So Silent Jens
Black Cab
64.5%
Oh You're So Silent Jens
Maple Leaves [7' Version]
64.5%
Night Falls Over Kortedala
And I Remember Every Kiss
64.5%
When I Said I Wanted To Be Your Dog
When I Said I Wanted to Be Your Dog
61.3%
Night Falls Over Kortedala
Sipping on the Sweet Nectar
61.3%
I Know What Love Isn't
The World Moves On
61.3%
Night Falls Over Kortedala
The Opposite of Hallelujah
58.1%
Night Falls Over Kortedala
Kanske är jag kär i dig
58.1%
I Know What Love Isn't
Every Little Hair Knows Your Name
58.1%
I Know What Love Isn't
Every Little Hair Knows Your Name
58.1%
When I Said I Wanted To Be Your Dog
You Are the Light (By Which I Travel into This and That)
54.8%
When I Said I Wanted To Be Your Dog
Julie
54.8%
Oh You're So Silent Jens
Pocketful of Money
54.8%
Oh You're So Silent Jens
Julie (Remix)
54.8%
I Know What Love Isn't
The End of the World Is Bigger than Love
54.8%
Life Will See You Now
To Know Your Mission
52.9%
Life Will See You Now
How We Met, The Long Version
52.9%
Life Will See You Now
Postcard #17
52.9%
An Argument With Myself
Waiting for Kirsten
51.6%
An Argument With Myself
A Promise
51.6%
I Know What Love Isn't
Erica America
51.6%
I Know What Love Isn't
Become Someone Else's
51.6%
I Know What Love Isn't
I Want a Pair of Cowboy Boots
51.6%
When I Said I Wanted To Be Your Dog
Tram #7 To Heaven
48.4%
Album
Song
% Correct
When I Said I Wanted To Be Your Dog
Do You Remember the Riots?
48.4%
Oh You're So Silent Jens
A Sweet Summer's Night on Hammer Hill
48.4%
Night Falls Over Kortedala
Into Eternity
48.4%
An Argument With Myself
So This Guy at My Office
48.4%
Life Will See You Now
Wedding in Finistère
47.1%
Life Will See You Now
How Can I Tell Him
47.1%
Life Will See You Now
Dandelion Seed
47.1%
When I Said I Wanted To Be Your Dog
Silvia
45.2%
When I Said I Wanted To Be Your Dog
The Cold Swedish Winter
45.2%
When I Said I Wanted To Be Your Dog
Psychogirl
45.2%
When I Said I Wanted To Be Your Dog
A Higher Power
45.2%
Oh You're So Silent Jens
Someone to Share My Life With
45.2%
Oh You're So Silent Jens
F-Word
45.2%
Night Falls Over Kortedala
Your Arms Around Me
45.2%
An Argument With Myself
New Directions
45.2%
When I Said I Wanted To Be Your Dog
Happy Birthday, Dear Friend Lisa
41.9%
Oh You're So Silent Jens
Rocky Dennis in Heaven
41.9%
Night Falls Over Kortedala
It Was a Strange Time in My Life
41.9%
I Know What Love Isn't
Some Dandruff On Your Shoulder
41.9%
Life Will See You Now
What's That Perfume That You Wear?
41.2%
When I Said I Wanted To Be Your Dog
If You Ever Need a Stranger (To Sing at Your Wedding)
38.7%
Oh You're So Silent Jens
The Wrong Hands
38.7%
Night Falls Over Kortedala
I'm Leaving You Because I Don't Love You
38.7%
Oh You're So Silent Jens
At the Dept. of Forgotten Songs
35.5%
Life Will See You Now
Our First Fight
35.3%
Oh You're So Silent Jens
Rocky Dennis' Farewell Song
32.3%
Oh You're So Silent Jens
Jens Lekman's Farewell Song to Rocky Dennis
29%
Night Falls Over Kortedala
If I Could Cry (It Would Feel Like This)
29%
I Know What Love Isn't
She Just Don't Want To Be With You Anymore
29%
Oh You're So Silent Jens
Sky Phenomenon
19.4%
Oh You're So Silent Jens
I Saw Her in the Anti War Demonstration
12.9%
Quiz Playlist
Details
Report
Send in Message
Add To Playlist
Classic:
Type in answers that appear in a list
Last Updated: Mar 6, 2017
Quiz Scoreboard
CHALLENGE
Sign Up to Join the Scoreboard
Show All
Scores
Hide
Comments
May contain spoilers
Recently Published
Image Sorting: Flags VI
by Barbecue
Geography
2m
Find the 'City' Movie
by crazypaving
Movies
60s
Colored Red Africa Blitz
by spor1
Geography
45s
More to Explore
Quiz From the Vault
Featured Blog Post
14 Easter Pick-up Lines to Find Eggs With
hide this ad
You Might Also Like...
Tags
Album Quiz
Song Quiz
Today's Top Quizzes in Music
Browse Music
hide this ad
Today's Top Quizzes in Song
Browse Song
Top Contributed Quizzes in Music
1
5X2 Blitz: Bands II
2
5X2 Blitz: The Beatles
3
Taylor Swift All Songs (2024)
4
5X2 Blitz: Billboard
5
5X2 Blitz: Billboard II
6
5X2 Blitz: Album
7
Taylor Swift Logic Puzzle II
8
5X2 Blitz: Singers
9
5X2 Blitz: Rock
10
5X2 Blitz: Lyrics
Explore More
Trending Topics
Anime
Disney
Crossword
Kpop
NBA
Harry Potter
Marvel
Pokémon
Country
The Office
Song
Soccer
WWE
Puzzle
NFL
hide this ad
More By:
kierkegaardian
Quiz
Plays
Rating
Category
Featured
Created
The Archie Bunker
1,006
4.67
Entertainment
Sep 2, 2014
Too Many Cooks Theme Song
366
4.40
Just For Fun
Nov 13, 2014
R.E.M. Song by Antonym
96
4.00
Music
Mar 17, 2014
R.E.M. Word Ladder
77
4.75
Just For Fun
Nov 13, 2014
Foreign Title / Director Match
74
3.33
Movies
Jun 23, 2014
Go to Creator's Profile
Score Distribution
Quiz Creator Spotlight
kierkegaardian
Follow
Send a Message
Quizzes Created
-
Created Quiz Play Count
-
More By This Creator
Popular Quizzes Today
1
Colored Red Africa Blitz
2
Find the US States - No Outlines Minefield
3
Find the 'City' Movie
4
5x2 Blitz: Bands
5
The Countries of the World
6
Find the US States
7
Find the Countries of Europe - No Outlines Minefield
8
US States
More Music Quizzes
3 Wagner Operas
Editor's Pick
Trending Quizzes
Colored Red Europe Blitz I
Colored Red Europe Blitz II
Colored Red Africa Blitz II
Colored Red Europe Blitz III
Colored Red Africa Blitz III
Recently Updated
How Do You Spell That?
pecheneg
Godzilla Movies
pecheneg
Grab Bag: 4-10 Letters
pecheneg
2024 March Madness Bracket
pecheneg
Famous TV Couples
Peacemaker
Champions League XIs: Real Madrid
pecheneg
Largest US Cities 1790-2010
pecheneg
Rides in Walt Disney World
pecheneg
Most Oscar Losses (Acting)
pecheneg
Beyoncé Albums
pecheneg
Trending Topics
Marvel
NBA
Kpop
Disney
Anime
Harry Potter
Crossword
Pokémon
The Office
Puzzle
WWE
Soccer
NFL
Country
Song
Your Account Isn't Verified!
In order to create a playlist on Sporcle, you need to verify the email address you used during registration. Go to your
Sporcle Settings
to finish the process.
Report this User
Report this user for behavior that violates our
Community Guidelines
.
Details:
Send Report
Go to the Sporcle.com Mobile Site →
Comments